MDQL
is popping MORE tags! Check the
thread
!
Quizzes
Events
Quiz Creation
Community
Videos
Private Events
Remove Ads
Sign In
Join for FREE
Feedback
Dark Mode
Quiz Categories
Sports
Geography
Music
Movies
Television
Just For Fun
Miscellaneous
History
Literature
Language
Science
Gaming
Entertainment
Religion
Holiday
For Kids
Quiz Lab
Recent
Popular Today
Quiz Kudos Today
Editor Picks
Curator Picks
Quizzes by...
Day
Popularity
Type
Ratings
Length
Year
Community
Subscriptions
Recent Discussions
Orange Saloon
Badges
Playlists
Quests
Create
Leaderboards
Showdown
Live 5
Trivia Bingo
Activity
Puzzle Library
Sporcle Events
Private Events
Virtual Trivia
Globe League
Become a Host
Pub Owners
SporcleCon
Opinionation
Our Games
Videos
Blog
Mobile Apps
Partnerships
Remove Ads and Go Orange
Feedback
Music
Pop Music
The Beatles
Song
Album
Lyrics
Bands
Singers
Artist
Clip
Rock
Rap
Classical
Billboard
Country Music
Kpop
Taylor Swift
Music
Pop Music
The Beatles
Song
Album
Lyrics
Bands
Singers
Artist
Clip
Rock
Rap
Classical
Billboard
Country Music
Kpop
Taylor Swift
Random Quiz
Search Sporcle
×
Quiz Lab
Quiz Lab
Music
Album
Type in answers that appear in a list
Type in answers that appear in a list
Classic
Best Score? Go Orange.
Phish Songs Stats
All Phish Songs by Album?
By
Phish13
20m
297 Questions
218 Plays
218 Plays
218 Plays
Comments
Comments
Give Quiz Kudos
Give Quiz Kudos
-
- Ratings
hide this ad
Replay
Link that replays current quiz
Next Quiz
Link to next quiz in quiz playlist
You Got
0%
They Got
Avg Score
56%
Avg Friend Score
Upgrade to see
Score Distribution
Jump to the score distribution portion of the page
Score
0/297
Timer
20:00
0
Plays Today
Hint
Answer
% Correct
Lawn Boy (1990)
Lawn Boy
94.5%
The White Tape (1986)
You Enjoy Myself
93.6%
Junta (1988)
You Enjoy Myself
93.6%
Rift (1993)
Rift
92.7%
Farmhouse (2000)
Farmhouse
91.3%
Junta (1988)
Fee
90.8%
Junta (1988)
David Bowie
89%
Lawn Boy (1990)
Bouncing Around the Room
89%
A Picture of Nectar (1992)
Tweezer
89%
The White Tape (1986)
Run Like an Antelope
88.5%
Junta (1988)
Fluffhead
88.5%
The Story of the Ghost (1998)
Ghost
88.5%
The White Tape (1986)
Divided Sky
87.6%
Junta (1988)
Divided Sky
87.6%
A Picture of Nectar (1992)
Cavern
87.6%
The Man Who Stepped Into Yesterday (1987)
Divided Sky
87.6%
A Picture of Nectar (1992)
Llama
87.2%
A Picture of Nectar (1992)
Tweezer Reprise
87.2%
The Man Who Stepped Into Yesterday (1987)
Llama
87.2%
Billy Breathes (1996)
Free
86.7%
Lawn Boy (1990)
Bathtub Gin
85.8%
A Picture of Nectar (1992)
Chalk Dust Torture
85.8%
Billy Breathes (1996)
Billy Breathes
84.9%
Farmhouse (2000)
First Tube
84.9%
Fuego (2014)
Fuego
84.9%
Lawn Boy (1990)
Reba
84.4%
Rift (1993)
Maze
84.4%
Hoist (1994)
Down with Disease
84.4%
Billy Breathes (1996)
Character Zero
84.4%
Billy Breathes (1996)
Waste
84.4%
Joy (2009)
Joy
83.5%
Junta (1988)
Icculus
83%
A Picture of Nectar (1992)
Stash
83%
Rift (1993)
Lengthwise
83%
Rift (1993)
Lengthwise
83%
The Man Who Stepped Into Yesterday (1987)
Icculus
83%
Junta (1988)
Dinner and a Movie
82.6%
Hoist (1994)
Sample in a Jar
82.1%
Junta (1988)
Golgi Apparatus
81.2%
Rift (1993)
Weigh
81.2%
The White Tape (1986)
Fluff's Travels
80.7%
Junta (1988)
Esther
80.7%
Junta (1988)
Fluff's Travels
80.7%
Rift (1993)
Sparkle
80.7%
Rift (1993)
My Friend, My Friend
80.7%
Billy Breathes (1996)
Taste
80.7%
Junta (1988)
Foam
80.3%
Rift (1993)
It's Ice
80.3%
The Man Who Stepped Into Yesterday (1987)
The Lizards
80.3%
The Man Who Stepped Into Yesterday (1987)
Wilson
80.3%
Lawn Boy (1990)
Split Open and Melt
79.8%
Billy Breathes (1996)
Prince Caspian
79.8%
Joy (2009)
Backwards Down the Number Line
79.8%
The Story of the Ghost (1998)
Meat
79.4%
The Man Who Stepped Into Yesterday (1987)
Possum
79.4%
Junta (1988)
Contact
78.9%
Rift (1993)
Horn
78.4%
Rift (1993)
The Wedge
78.4%
Bonus: Non-
Album/
Everyday Covers
Tube
78.4%
Rift (1993)
Silent in the Morning
78%
Hoist (1994)
Julius
78%
Farmhouse (2000)
Twist
78%
The Man Who Stepped Into Yesterday (1987)
Axilla
78%
The Man Who Stepped Into Yesterday (1987)
Axilla (Part II)
78%
Junta (1988)
Sanity
77.5%
Big Boat (2016)
Blaze On
77.5%
Rift (1993)
The Horse
77.1%
Hoist (1994)
Wolfman's Brother
77.1%
Billy Breathes (1996)
Theme From the Bottom
77.1%
The Story of the Ghost (1998)
Guyute
77.1%
The White Tape (1986)
ACDC Bag
76.6%
Lawn Boy (1990)
The Squirming Coil
76.6%
Joy (2009)
Ocelot
76.6%
Chilling, Thrilling Sounds of the Haunted House (2014)
The Birds
76.6%
The Man Who Stepped Into Yesterday (1987)
ACDC Bag
76.6%
Round Room (2002)
46 Days
76.1%
The White Tape (1986)
Slave to the Traffic Light
75.7%
A Picture of Nectar (1992)
The Mango Song
75.7%
Bonus: Non-
Album/
Everyday Covers
Harry Hood
75.7%
Rift (1993)
Mound
74.8%
Fuego (2014)
555
74.8%
Bonus: Non-
Album/
Everyday Covers
Mike's Song
74.8%
Hoist (1994)
Scent of a Mule
74.3%
The Man Who Stepped Into Yesterday (1987)
Tela
74.3%
Lawn Boy (1990)
Run Like and Antelope
73.9%
The Man Who Stepped Into Yesterday (1987)
Punch You in the Eye
73.9%
A Picture of Nectar (1992)
The Landlady
73.4%
Joy (2009)
Light
72.9%
Joy (2009)
Kill Devil Falls
72.5%
Bonus: Non-
Album/
Everyday Covers
Simple
72.5%
The White Tape (1986)
**** Your Face
72%
Farmhouse (2000)
Sand
72%
Round Room (2002)
Walls of the Cave
72%
Undermind (2004)
Scents and Subtle Sounds (Intro)
72%
Undermind (2004)
Scents and Subtle Sounds
72%
The Man Who Stepped Into Yesterday (1987)
Harpua
72%
The Story of the Ghost (1998)
Birds of a Feather
71.6%
Farmhouse (2000)
Back on the Train
71.6%
Junta (1988)
Union Federal
71.1%
Hint
Answer
% Correct
Lawn Boy (1990)
The Oh Kee Pa Ceremony
71.1%
A Picture of Nectar (1992)
Poor Heart
71.1%
Undermind (2004)
Undermind
71.1%
The Man Who Stepped Into Yesterday (1987)
The Sloth
71.1%
Bonus: Non-
Album/
Everyday Covers
Also Sprach Zarathustra
71.1%
A Picture of Nectar (1992)
Glide
70.6%
Round Room (2002)
Round Room
70.6%
Farmhouse (2000)
Piper
70.2%
Bonus: Non-
Album/
Everyday Covers
Carini
70.2%
The Man Who Stepped Into Yesterday (1987)
The Man Who Stepped Into Yesterday
69.7%
Billy Breathes (1996)
Cars Trucks Buses
69.3%
Rift (1993)
Fast Enough for You
68.8%
Billy Breathes (1996)
Train Song
68.8%
The Man Who Stepped Into Yesterday (1987)
Fly Famous Mockingbird
68.8%
Farmhouse (2000)
Gotta Jibboo
68.3%
A Picture of Nectar (1992)
Guelah Papyrus
67.9%
A Picture of Nectar (1992)
Faht
67.9%
The Story of the Ghost (1998)
Wading in the Velvet Sea
67.9%
Chilling, Thrilling Sounds of the Haunted House (2014)
Your Pet Cat
67.9%
The Story of the Ghost (1998)
Brian and Robert
67.4%
Chilling, Thrilling Sounds of the Haunted House (2014)
The Dogs
67.4%
Bonus: Non-
Album/
Everyday Covers
Suzy Greenberg
67.4%
A Picture of Nectar (1992)
Eliza
67%
Farmhouse (2000)
Bug
67%
Big Boat (2016)
Petrichor
67%
The Man Who Stepped Into Yesterday (1987)
Colonel Forbin's Ascent
67%
Bonus: Non-
Album/
Everyday Covers
Weekapaug Groove
67%
Bonus: Non-
Album/
Everyday Covers
Gumbo
66.8%
Lawn Boy (1990)
My Sweet One
66.5%
The Story of the Ghost (1998)
The Moma Dance
66.5%
Bonus: Non-
Album/
Everyday Covers
Funky Bitch
66.5%
Rift (1993)
All Things Reconsidered
66.1%
Hoist (1994)
Lifeboy
66.1%
Fuego (2014)
Wombat
66.1%
Big Boat (2016)
More
66.1%
Hoist (1994)
Dog Faced Boy
65.6%
Big Boat (2016)
No Men In No Man's Land
65.6%
Bonus: Non-
Album/
Everyday Covers
Loving Cup
65.4%
Fuego (2014)
Wingsuit
65.1%
Bonus: Non-
Album/
Everyday Covers
Meatstick
64.7%
Bonus: Non-
Album/
Everyday Covers
Runaway Jim
64.7%
The Story of the Ghost (1998)
Roggae
63.3%
A Picture of Nectar (1992)
Manteca
61.9%
Undermind (2004)
A Song I Heard the Ocean Sing
61.9%
Bonus: Non-
Album/
Everyday Covers
Halley's Comet
61.9%
Farmhouse (2000)
Dirt
61.5%
Big Boat (2016)
Breath and Burning
61%
A Picture of Nectar (1992)
Catapult
60.6%
Bonus: Non-
Album/
Everyday Covers
A Day in the Life
60.6%
Bonus: Non-
Album/
Everyday Covers
Cities
60.1%
A Picture of Nectar (1992)
Magilla
59.6%
The Story of the Ghost (1998)
Limb By Limb
59.6%
Bonus: Non-
Album/
Everyday Covers
Camel Walk
59.6%
Billy Breathes (1996)
Steep
59.2%
Big Boat (2016)
Miss You
59.2%
Chilling, Thrilling Sounds of the Haunted House (2014)
Martian Monster
58.7%
The Man Who Stepped Into Yesterday (1987)
McGrupp and the Watchful Hosemasters
58.3%
Bonus: Non-
Album/
Everyday Covers
Rock and Roll
58.3%
Bonus: Non-
Album/
Everyday Covers
I Am Hydrogen
58.3%
Chilling, Thrilling Sounds of the Haunted House (2014)
The Haunted House
57.8%
Hoist (1994)
If I Could
57.3%
Big Boat (2016)
Home
56.9%
Billy Breathes (1996)
Bliss
56.4%
Bonus: Non-
Album/
Everyday Covers
Fire
56.4%
Farmhouse (2000)
Mountains in the Mist
56%
Joy (2009)
Stealing Time From the Faulty Plan
56%
Joy (2009)
Sugar Shack
56%
Big Boat (2016)
Friends
56%
Fuego (2014)
Winterqueen
55.5%
Bonus: Non-
Album/
Everyday Covers
Crosseyed and Painless
55.5%
Bonus: Non-
Album/
Everyday Covers
Golden Age
55.5%
Billy Breathes (1996)
Talk
55%
Fuego (2014)
The Line
55%
Bonus: Non-
Album/
Everyday Covers
Roses are Free
55%
Bonus: Non-
Album/
Everyday Covers
Rocky Top
55%
Bonus: Non-
Album/
Everyday Covers
Steam
54.6%
Bonus: Non-
Album/
Everyday Covers
While My Guitar Gently Weeps
54.6%
Bonus: Non-
Album/
Everyday Covers
Party Time
54.1%
The Siket Disc (1999)
What's the Use?
52.8%
Hoist (1994)
Demand
52.3%
Billy Breathes (1996)
Swept Away
52.3%
Round Room (2002)
Friday
51.8%
Bonus: Non-
Album/
Everyday Covers
Friday
51.8%
Hoist (1994)
Riker's Mailbox
51.4%
Bonus: Non-
Album/
Everyday Covers
Plasma
51.4%
Joy (2009)
Time Turns Elastic
50.9%
The Man Who Stepped Into Yesterday (1987)
Kung
50.5%
Bonus: Non-
Album/
Everyday Covers
Frankenstein
50.5%
The Siket Disc (1999)
My Left Toe
49.5%
Chilling, Thrilling Sounds of the Haunted House (2014)
The Very Long Fuse
49.5%
Bonus: Non-
Album/
Everyday Covers
Boogie on Reggae Woman
49.5%
Bonus: Non-
Album/
Everyday Covers
Peaches en Regalia
49.5%
Farmhouse (2000)
Sleep
48.6%
Bonus: Non-
Album/
Everyday Covers
Alaska
48.6%
Bonus: Non-
Album/
Everyday Covers
No Quarter
48.6%
Bonus: Non-
Album/
Everyday Covers
Quinn The Eskimo
48.6%
Bonus: Non-
Album/
Everyday Covers
Sneakin' Sally Through The Alley
48.6%
Hoist (1994)
Axilla (Part II)
48.2%
Round Room (2002)
Pebbles and Marbles
47.7%
Hint
Answer
% Correct
Bonus: Non-
Album/
Everyday Covers
Good Times Bad Times
47.7%
Bonus: Non-
Album/
Everyday Covers
My Soul
47.7%
The Story of the Ghost (1998)
Fikus
47.2%
Joy (2009)
Twenty Years Later
47.2%
Round Room (2002)
Mock Song
46.3%
The Story of the Ghost (1998)
End of Session
45.9%
Bonus: Non-
Album/
Everyday Covers
Mercury
45.9%
The White Tape (1986)
Letter to Jimmy Page
44.5%
Round Room (2002)
Mexican Cousin
44.5%
The Story of the Ghost (1998)
Shafty
44%
Chilling, Thrilling Sounds of the Haunted House (2014)
Timber
44%
Chilling, Thrilling Sounds of the Haunted House (2014)
Shipwreck
43.6%
Big Boat (2016)
I Always Wanted It This Way
43.6%
Bonus: Non-
Album/
Everyday Covers
Ass Handed
43.6%
Fuego (2014)
Waiting All Night
42.7%
The Story of the Ghost (1998)
Water in the Sky
42.2%
Farmhouse (2000)
Heavy Things
42.2%
Bonus: Non-
Album/
Everyday Covers
The Curtain With
42.2%
Bonus: Non-
Album/
Everyday Covers
Shine a Light
42.2%
The Story of the Ghost (1998)
Frankie Says
41.7%
Farmhouse (2000)
The Inlaw Josie Wales
41.7%
Fuego (2014)
Sing Monica
41.3%
Bonus: Non-
Album/
Everyday Covers
Saw It Again
41.3%
The Siket Disc (1999)
Title Track
40.8%
Chilling, Thrilling Sounds of the Haunted House (2014)
The Chinese Water Torture
40.4%
Bonus: Non-
Album/
Everyday Covers
Strange Design
40.4%
Bonus: Non-
Album/
Everyday Covers
Bold as Love
39.9%
Bonus: Non-
Album/
Everyday Covers
Corrina
39.4%
The White Tape (1986)
Alumni Blues
39%
Bonus: Non-
Album/
Everyday Covers
Big Black Furry Creatures From Mars
38.5%
Bonus: Non-
Album/
Everyday Covers
Brother
38.5%
Round Room (2002)
Waves
38.1%
Farmhouse (2000)
Driver
37.6%
Chilling, Thrilling Sounds of the Haunted House (2014)
The Unsafe Bridge
37.6%
Bonus: Non-
Album/
Everyday Covers
Driver
37.6%
Bonus: Non-
Album/
Everyday Covers
NICU
37.6%
Bonus: Non-
Album/
Everyday Covers
Drowned
37.2%
Big Boat (2016)
Waking Up Dead
36.2%
Bonus: Non-
Album/
Everyday Covers
The Ballad of Curtis Loew
36.2%
Bonus: Non-
Album/
Everyday Covers
Destiny Unbound
36.2%
Bonus: Non-
Album/
Everyday Covers
Dog Stole Things
35.3%
Bonus: Non-
Album/
Everyday Covers
Ya Mar
33%
Fuego (2014)
Halfway to the Moon
32.6%
The White Tape (1986)
Dog Log
30.7%
Joy (2009)
I Been Around
30.7%
Big Boat (2016)
Things People Do
30.7%
Bonus: Non-
Album/
Everyday Covers
Buried Alive
30.7%
The Siket Disc (1999)
Fish Bass
30.3%
Bonus: Non-
Album/
Everyday Covers
Yarmouth Road
30.3%
Fuego (2014)
Devotion To a Dream
29.8%
The Siket Disc (1999)
Albert
29.4%
Undermind (2004)
Grind
28.9%
Big Boat (2016)
Tide Turns
28.9%
Round Room (2002)
Thunderhead
26.6%
Bonus: Non-
Album/
Everyday Covers
Soul Shakedown Party
26.6%
Bonus: Non-
Album/
Everyday Covers
The Old Home Place
26.6%
The Siket Disc (1999)
Insects
26.1%
Bonus: Non-
Album/
Everyday Covers
Buffalo Bill
26.1%
The White Tape (1986)
N02
25.7%
Round Room (2002)
Seven Below
25.7%
Bonus: Non-
Album/
Everyday Covers
Sleeping Monkey
25.7%
Bonus: Non-
Album/
Everyday Covers
Hold Your Head Up
25.2%
Round Room (2002)
All of These Dreams
24.3%
Bonus: Non-
Album/
Everyday Covers
Jesus Just Left Chicago
23.4%
Bonus: Non-
Album/
Everyday Covers
Uncle Pen
22%
The Siket Disc (1999)
The Name is Slick
21.6%
Bonus: Non-
Album/
Everyday Covers
Dave's Energy Guide
21.6%
Bonus: Non-
Album/
Everyday Covers
Ha Ha Ha
21.6%
Bonus: Non-
Album/
Everyday Covers
Beauty of My Dreams
20.6%
The Siket Disc (1999)
Quadrophonic Toppling
20.2%
Bonus: Non-
Album/
Everyday Covers
Timber Ho!
20.2%
Undermind (2004)
Tiny
19.3%
Bonus: Non-
Album/
Everyday Covers
When the Circus Comes to Town
18.8%
Undermind (2004)
Army of One
18.3%
The White Tape (1986)
Ingest
17.9%
Undermind (2004)
Crowd Control
17.9%
The White Tape (1986)
He Ent to the Bog
17%
Bonus: Non-
Album/
Everyday Covers
Space Oddity
17%
The White Tape (1986)
Minkin
16.5%
Undermind (2004)
Access Me
16.5%
Big Boat (2016)
Running Out of Time
16.5%
Bonus: Non-
Album/
Everyday Covers
Ginseng Sullivan
15.6%
Bonus: Non-
Album/
Everyday Covers
Sweet Adeline
15.1%
Undermind (2004)
The Connection
14.7%
Bonus: Non-
Album/
Everyday Covers
Makisupa Policeman
14.7%
Bonus: Non-
Album/
Everyday Covers
Paul and Silas
14.7%
The Siket Disc (1999)
The Happy Whip and Dung Song
14.2%
Round Room (2002)
Anything But Me
13.8%
The White Tape (1986)
And So To Bed
13.3%
The White Tape (1986)
Aftermath
12.8%
Bonus: Non-
Album/
Everyday Covers
Avenu Malkenu
12.8%
Undermind (2004)
Maggie's Revenge
12.4%
Undermind (2004)
Nothing
12.4%
Undermind (2004)
Secret Smile
11.5%
Bonus: Non-
Album/
Everyday Covers
Daniel Saw The Stone
11%
Undermind (2004)
Two Versions of Me
9.6%
Undermind (2004)
Tomorrow's Song
9.2%
Bonus: Non-
Album/
Everyday Covers
Show of Life
7.8%
Bonus: Non-
Album/
Everyday Covers
My Mind's Got A Mind of Its Own
6%
Quiz Playlist
Details
Report
Send in Message
Add To Playlist
Classic:
Type in answers that appear in a list
Last Updated: Aug 10, 2017
Quiz Scoreboard
CHALLENGE
Sign Up to Join the Scoreboard
Show All
Scores
Hide
Comments
May contain spoilers
Recently Published
5x2 Blitz: Bands
by SL_Kpop136
Music
30s
Colored Red Africa Blitz
by spor1
Geography
30s
Find the 'City' Movie
by crazypaving
Movies
60s
More to Explore
Quiz From the Vault
Featured Blog Post
14 Easter Pick-up Lines to Find Eggs With
hide this ad
You Might Also Like...
Tags
Album Quiz
Song Quiz
phish
Today's Top Quizzes in Music
Browse Music
hide this ad
Today's Top Quizzes in Album
Browse Album
Top Contributed Quizzes in Music
1
5X2 Blitz: Bands II
2
Taylor Swift All Songs (2024)
3
5X2 Blitz: The Beatles
4
5X2 Blitz: Billboard
5
Taylor Swift Logic Puzzle
6
Taylor Swift Logic Puzzle II
7
5X2 Blitz: Album
8
5X2 Blitz: Billboard II
9
Music Artist by Three 2010s hits
10
5X2 Blitz: Rock
Explore More
Trending Topics
Kpop
Anime
Harry Potter
Disney
Marvel
NBA
Crossword
Song
Pokémon
WWE
Country
NFL
The Office
Soccer
Puzzle
hide this ad
More By:
Phish13
Quiz
Plays
Rating
Category
Featured
Created
Phish Songs
218
5.00
Music
Aug 8, 2017
Go to Creator's Profile
Score Distribution
Quiz Creator Spotlight
Phish13
Follow
Send a Message
Quizzes Created
-
Created Quiz Play Count
-
More By This Creator
Popular Quizzes Today
1
Find the 'City' Movie
2
5x2 Blitz: Bands
3
Colored Red Africa Blitz
4
The Countries of the World
5
Find the US States - No Outlines Minefield
6
Find the US States
7
9x9 Crossword: Cartoon Network
8
US States
More Music Quizzes
Classical Music by Score Fragment
Published
Trending Quizzes
Colored Red Africa Blitz II
Colored Red Europe Blitz I
Colored Red Africa Blitz III
Colored Red Europe Blitz II
Colored Red Europe Blitz III
Recently Updated
Champions League XIs: Real Madrid
pecheneg
Largest US Cities 1790-2010
pecheneg
Rides in Walt Disney World
pecheneg
Most Oscar Losses (Acting)
pecheneg
Beyoncé Albums
pecheneg
Leaping Animals
pecheneg
Reality TV Shows (A-Z)
bhenderson79
Rickey Henderson's Hall of Fame Teammates
pecheneg
Champions League XIs: Arsenal
pecheneg
Quick Pick: Celebrities in WWE's Hall of Fame
aduchscher
Trending Topics
Crossword
Marvel
Anime
Harry Potter
NBA
Disney
Kpop
Pokémon
Song
The Office
Soccer
Puzzle
Country
NFL
WWE
Your Account Isn't Verified!
In order to create a playlist on Sporcle, you need to verify the email address you used during registration. Go to your
Sporcle Settings
to finish the process.
Report this User
Report this user for behavior that violates our
Community Guidelines
.
Details:
Send Report
Go to the Sporcle.com Mobile Site →
Comments